000 00810nam a2200217 i 4500
001 21386
003 ES-MaACL
005 20230906152453.0
007 t|
008 021125s1904 fr ||||1| fre d
080 _a929 Willy
100 1 _aAlbert, Henri.
_919310
245 1 0 _aWilly
_b: biographie précédée d'un portrait frontispicie, illustrée de divers dessins et d'un autographe, suivie d'opinion et d'une bibliographie ; ornements typropgraphique d'Orazi . /
_cHenri Albert.
260 _aParís :
_bE. Sansot,
_c1904.
300 _a47 p. :
_bil. ;
_c18 cm.
490 1 _aLes célébrités d'aujourd'hui
600 1 4 _aWilly (
_d1859-1931)
_956043
830 0 _aLes célébrités d'aujourd'hui
_9180788
852 _aES-MaACL
_jD-747(1)
999 _c21386
_d21386